000 00346nam a2200157Ia 4500
008 221030s9999 xx 000 0 und d
020 _a8176110108
041 _aEnglish
082 _a105.23
_bSud
100 _aG. S. Sudha
245 0 _aManagement
260 _bRBSA Pub.
_aJaipur
_c2001
300 _a489
650 _aManagement
942 _cBK
999 _c2484
_d2484